Procenten omzetten naar kommagetallen - Statistieken

Algemene statistieken
  • Deze quiz is 21 keer genomen
  • De gemiddelde score is 29 van 30
Antwoordstatistieken
OPGAVE ANTWOORD % Correct
1% 0,01
100%
2% 0,02
100%
3% 0,03
100%
4% 0,04
100%
5% 0,05
100%
6% 0,06
100%
7% 0,07
100%
8% 0,08
100%
11% 0,11
100%
12% 0,12
100%
13% 0,13
100%
14% 0,14
100%
16% 0,16
100%
17% 0,17
100%
21% 0,21
100%
22% 0,22
100%
24% 0,24
100%
25% 0,25
100%
26% 0,26
100%
27% 0,27
100%
28% 0,28
100%
29% 0,29
100%
31% 0,31
100%
33% 0,33
100%
34% 0,34
100%
39% 0,39
100%
40% 0,4
100%
41% 0,41
100%
42% 0,42
100%
43% 0,43
100%
44% 0,44
100%
45% 0,45
100%
47% 0,47
100%
48% 0,48
100%
50% 0,5
100%
51% 0,51
100%
52% 0,52
100%
53% 0,53
100%
54% 0,54
100%
55% 0,55
100%
56% 0,56
100%
58% 0,58
100%
59% 0,59
100%
60% 0,6
100%
61% 0,61
100%
62% 0,62
100%
64% 0,64
100%
66% 0,66
100%
67% 0,67
100%
69% 0,69
100%
71% 0,71
100%
72% 0,72
100%
73% 0,73
100%
74% 0,74
100%
76% 0,76
100%
77% 0,77
100%
78% 0,78
100%
79% 0,79
100%
80% 0,8
100%
81% 0,81
100%
85% 0,85
100%
86% 0,86
100%
87% 0,87
100%
89% 0,89
100%
90% 0,9
100%
91% 0,91
100%
92% 0,92
100%
93% 0,93
100%
95% 0,95
100%
96% 0,96
100%
97% 0,97
100%
98% 0,98
100%
99% 0,99
100%
65% 0,65
92%
9% 0,09
89%
37% 0,37
89%
20% 0,2
88%
23% 0,23
88%
30% 0,3
88%
38% 0,38
88%
46% 0,46
88%
70% 0,7
88%
83% 0,83
88%
32% 0,32
86%
57% 0,57
86%
82% 0,82
86%
84% 0,84
86%
10% 0,1
83%
36% 0,36
83%
49% 0,49
83%
63% 0,63
83%
68% 0,68
83%
88% 0,88
83%
75% 0,75
80%
94% 0,94
80%
15% 0,15
75%
18% 0,18
75%
19% 0,19
75%
35% 0,35
75%
Geen overeenkomende quizzen gevonden
Scoreverdeling
Procent van Mensen met Elke Score
Percentiel versus Aantal Correcte Antwoorden
Uw Scoregeschiedenis
U heeft deze quiz nog niet genomen